| 000 | 00527nam a2200217Ia 4500 | ||
|---|---|---|---|
| 008 | 210210b2010 xxu||||| |||| 00| 0 eng d | ||
| 020 | _a9788184888171 | ||
| 041 | _aeng | ||
| 082 | _a519.50574 RAOB | ||
| 100 | _aRAO (Surya K) | ||
| 245 | _aBiostatistics for health and life sciences | ||
| 260 |
_aMumbai _bHimalaya Publishing House _c2010 |
||
| 300 | _a581 | ||
| 650 | _asciences | ||
| 650 | _alife | ||
| 650 | _ahealth | ||
| 650 | _afor | ||
| 650 | _aBiostatistics | ||
| 690 | _aBiostatistics | ||
| 906 | _a074420 | ||
| 999 |
_c125193 _d125193 |
||